Viscoelastic Properties of Polyurethanes with Particular Reference to Morphology, Thermal & Mechanical Behavior / (Record no. 534208)
[ view plain ]
| 000 -LEADER | |
|---|---|
| fixed length control field | 00628nam a22001697a 4500 |
| 020 ## - INTERNATIONAL STANDARD BOOK NUMBER | |
| Qualifying information | Hard Cover. |
| 082 ## - DEWEY DECIMAL CLASSIFICATION NUMBER | |
| Classification number | 200 |
| 100 ## - MAIN ENTRY--PERSONAL NAME | |
| Personal name | Ahmad, Nadeem |
| 245 ## - TITLE STATEMENT | |
| Title | Viscoelastic Properties of Polyurethanes with Particular Reference to Morphology, Thermal & Mechanical Behavior / |
| Statement of responsibility, etc. | Nadeem Ahmad. |
| 260 ## - PUBLICATION, DISTRIBUTION, ETC. | |
| Place of publication, distribution, etc. | Islamabad : |
| Name of publisher, distributor, etc. | SCME - NUST, |
| Date of publication, distribution, etc. | 2013. |
| 300 ## - PHYSICAL DESCRIPTION | |
| Extent | xvii, 124 p. : ill. ; |
| Dimensions | 30cm. |
| 650 ## - SUBJECT ADDED ENTRY--TOPICAL TERM | |
| Topical term or geographic name entry element | PhD-Materials Engineering |
| 700 ## - ADDED ENTRY--PERSONAL NAME | |
| Personal name | Dr. Muhammad Bilal Khan. |
| 856 ## - Uniform Resource Identifier | |
| Uniform Resource Identifier | <a href="http://10.250.8.41:8080/xmlui/handle/123456789/21012">http://10.250.8.41:8080/xmlui/handle/123456789/21012</a> |
| 942 ## - ADDED ENTRY ELEMENTS (KOHA) | |
| Source of classification or shelving scheme | |
| Koha item type | Thesis |
| 650 ## - SUBJECT ADDED ENTRY--TOPICAL TERM | |
| -- | 123162 |
| 700 ## - ADDED ENTRY--PERSONAL NAME | |
| -- | 19368 |
| Withdrawn status | Lost status | Source of classification or shelving scheme | Damaged status | Not for loan | Permanent Location | Current Location | Shelving location | Date acquired | Total Checkouts | Full call number | Barcode | Date last seen | Price effective from | Koha item type |
|---|---|---|---|---|---|---|---|---|---|---|---|---|---|---|
| Central Library (CL) | Central Library (CL) | Thesis | 02/08/2020 | 620.11 | CL-T-4983 | 02/08/2020 | 02/08/2020 | Thesis | ||||||
| Central Library (CL) | Central Library (CL) | Thesis | 03/02/2020 | 200 | CLPT-530 | 03/02/2020 | 03/02/2020 | Thesis |
